000 00538nam a2200217Ia 4500
003 OSt
005 20140311163114.0
008 140130s9999 xx 000 0 und d
020 _a9780545103770
050 _aPZ 7
_b.St857st 2011
100 _aStilton, Geronimo
245 _aSave the white whale /
_cStilton, Geronimo
260 _bScholastic,
_c2011.
_aNew York :
300 _a100 p. :
_bcol. ill. ;
_c18 cm.
440 _v1
_931147
521 _aG3
526 _c580
942 _cBK
_2lcc
999 _c40710
_d40710